Couch-Tourismus und deren Auswirkung auf die Hotelindustrie in Ungarn

Bibliographic Details
Main Author: Bajnok Dániel
Other Authors: Horváth Dr. Péter
Format: Thesis
Kulcsszavak:AirBnB
Couchsurfing
Online Access:http://dolgozattar.uni-bge.hu/8485

MARC

LEADER 00000nta a2200000 i 4500
001 dolg8485
005 20180227141450.0
008 161208suuuu hu om 000 ger d
040 |a BGE Dolgozattár Repozitórium  |b hun 
041 |a de 
100 1 |a Bajnok Dániel 
245 1 0 |a Couch-Tourismus und deren Auswirkung auf die Hotelindustrie in Ungarn  |c Bajnok Dániel  |h [elektronikus dokumentum] 
695 |a AirBnB 
695 |a Couchsurfing 
700 1 |a Horváth Dr. Péter  |e ths 
856 4 0 |u http://dolgozattar.uni-bge.hu/8485/1/Couch-Tourismus%20und%20deren%20Auswirkung%20auf%20die%20Hotelindustrie%20in%20Ungarn.pdf  |z Dokumentum-elérés